000 00470nam a2200169 a 4500
001 9300
003 CO-ViMGA
008 141112s2004 ck r 000 u spa d
040 _aCO-ViMGA
_bspa
_cCO-ViMGA
082 0 4 _a658.5 A318
100 1 _aAlonso Garcia ; Ángel,
_910031
245 1 0 _aConceptos de Organización industrial.
260 _aBarcelona :
_bMarcombo,
_c1998
300 _a308p. : il
650 1 4 _aREINGENIERIA, METODO CIENTIFICO.
_910032
942 _2ddc
_cBK
999 _c20833
_d20833